Effective management in practice : analytical insights and critical questions

Gespeichert in:
Bibliographische Detailangaben
1. Verfasser: Wensley, Robin
Format: Buch
Sprache:Englisch
Veröffentlicht: Sage 2013
Tags: Tag hinzufügen
Keine Tags, Fügen Sie den ersten Tag hinzu!

MARC

LEADER 00000nam a22000007a 4500
008 201207b ||||| |||| 00| 0 eng d
020 |a 9781446272619 
100 |a Wensley, Robin 
245 |a Effective management in practice  |b  : analytical insights and critical questions  |c Robin Wensley  |g xv:232p. 
260 |b Sage  |c 2013  |h Los angeles  |i 693461  |i 693462  |l HD30.213.W48  |m Management  |m Decision support systems 
500 |a "Include reference and index" 
942 |a lcc  |c BK  |e A.R Akinniyi  |f 7/12/2020 
952 |0 0  |1 0  |2 lcc  |4 0  |7 0  |9 122  |a HOL  |b HOL  |c GJ  |d 2020-12-07  |o HD30.213.W48  |p 2020-0082  |r 2020-12-07 00:00:00  |t 693461  |w 2020-12-07  |y BK 
952 |0 0  |1 0  |2 lcc  |4 0  |7 0  |9 123  |a HOL  |b SSL  |c GJ  |d 2020-12-07  |o HD30.213.W48  |p 2020-0083  |r 2020-12-07 00:00:00  |t 693462  |w 2020-12-07  |y BK 
999 |c 41  |d 41